|
|
|
|
| LEADER |
00000nas a2200000 a 4500 |
| 001 |
ssj0001842 |
| 003 |
WaSeSS |
| 005 |
20200512172242.0 |
| 006 |
m d |
| 007 |
cr n |
| 008 |
971105c19569999enkqr pss 0 a0eng c |
| 010 |
|
|
|a sn 97034803
|
| 015 |
|
|
|a GBB405288
|2 bnb
|
| 016 |
7 |
|
|a 2002914-7
|2 DE-600
|
| 016 |
7 |
|
|a 013515575
|2 Uk
|
| 022 |
|
|
|a 1752-0401
|l 0021-9118
|y 0021-9118
|
| 035 |
|
|
|a (WaSeSS)ssj0001842
|
| 040 |
|
|
|a OUN
|b eng
|c OUN
|d IUL
|d EYM
|d IUL
|d OCL
|d IUL
|d OCL
|d EYM
|d OCLCQ
|d MUQ
|d UQ1
|d GUA
|d DLC
|d OCLCQ
|d WEA
|d BUF
|d OCLCQ
|d OCLCF
|d OCLCQ
|d DEBBG
|d DEFHM
|d OCLCO
|d OCLCA
|d CSU
|d LND
|d MOR
|d OH1
|d NLE
|d GILDS
|d UKMGB
|d VT2
|d NJT
|d CEF
|d OCLCA
|d WaSeSS
|
| 042 |
|
|
|a pcc
|
| 043 |
|
|
|a ae-----
|
| 050 |
1 |
4 |
|a DS501
|b .J6
|
| 130 |
0 |
|
|a Journal of Asian studies (Online)
|
| 210 |
0 |
|
|a J. Asian stud.
|b (Online)
|
| 222 |
|
4 |
|a The journal of Asian studies
|b (Online)
|
| 245 |
1 |
4 |
|a The journal of Asian studies
|h [electronic resource].
|
| 260 |
|
|
|a [Ann Arbor, Mich.] :
|b Far Eastern Association,
|c 1956-
|
| 260 |
3 |
|
|3 2006- :
|a Cambridge, UK :
|b Cambridge University Press
|
| 310 |
|
|
|a Quarterly
|
| 362 |
0 |
|
|a Vol. 16, no. 1 (Nov. 1956)-
|
| 500 |
|
|
|a Vol. 18 (1958/1959)--v. 20 (1960/1961) are digital reproductions of the reprint ed. published: New York, N.Y. : AMS Reprint Co., [1965?].
|
| 506 |
|
|
|a License restrictions may limit access.
|
| 538 |
|
|
|a Mode of access: World Wide Web.
|
| 550 |
|
|
|a Issued by: the Association for Asian Studies, May 1957-
|
| 580 |
|
|
|a Vols. for 1956-1968 include: Bibliography of Asian studies, as the Sept. issue; issued separately, 1969-
|
| 588 |
|
|
|a Description based on JSTOR World Wide Web homepage; title from title screen.
|
| 588 |
|
|
|a Latest issue consulted: Vol. 71, issue 3 (Aug. 2012) (Cambridge Online Journals, viewed Aug. 7, 2012).
|
| 650 |
|
7 |
|a Kultur
|2 gnd
|
| 650 |
|
7 |
|a Zeitschrift
|2 gnd
|
| 650 |
|
7 |
|a Online-Ressource
|2 gnd
|
| 651 |
|
0 |
|a East Asia
|v Periodicals.
|
| 651 |
|
6 |
|a Extrême-Orient
|v Périodiques.
|
| 651 |
|
7 |
|a East Asia.
|2 fast
|0 (OCoLC)fst01243628
|
| 651 |
|
7 |
|a Asie.
|2 rasuqam
|
| 651 |
|
7 |
|a Extrême-Orient.
|2 rasuqam
|
| 651 |
|
7 |
|a Asien
|2 gnd
|
| 655 |
|
0 |
|a Electronic journals.
|
| 710 |
2 |
|
|a Far Eastern Association (U.S.)
|
| 710 |
2 |
|
|a Association for Asian Studies.
|
| 730 |
0 |
2 |
|a Bibliography of Asian studies.
|
| 776 |
0 |
8 |
|i Print version:
|t Journal of Asian studies
|x 0021-9118
|w (DLC) 43014717
|w (OCoLC)1713826
|
| 777 |
1 |
|
|t Bibliography of Asian studies
|x 0067-7159
|w (DLC) 73617426
|w (OCoLC)4285212
|
| 780 |
0 |
0 |
|t Far Eastern quarterly (Online)
|x 0363-6917
|w (DLC)sn 97023242
|w (OCoLC)37894606
|
| 856 |
4 |
0 |
|z Full text available from Research Library: 02/01/1988 to 1 year ago
|u https://search.proquest.com/publication/40508
|